[Event "Mercredi 2023.09.05 ABCD"]
[Site "Montreal CAN"]
[Date "2023.10.04"]
[Round "4"]
[White "Voskanyan, Vahagn"]
[Black "Lin, Leo"]
[Result "1/2-1/2"]
[WhiteElo "2127"]
[BlackElo "2100"]
[PlyCount "104"]
[EventDate "2023.09.06"]
[EventType "tourn"]
[EventRounds "5"]
[EventCountry "CAN"]

1. e4 d6 2. d4 Nf6 3. Nc3 e5 4. dxe5 dxe5 5. Qxd8+ Kxd8 6. Bc4 Be6 7. Bxe6 fxe6
8. Be3 Bb4 9. O-O-O+ Nbd7 10. Nge2 Ke7 11. f3 a6 12. a3 Bc5 13. Rd3 b5 14. Rhd1
Bb6 15. Bxb6 Nxb6 16. b3 g5 17. Kb2 c6 18. Nc1 a5 19. Rd6 Rhc8 20. R6d2 b4 21.
Na4 Nxa4+ 22. bxa4 c5 23. c4 Rc7 24. Nb3 h5 25. axb4 axb4 26. a5 h4 27. h3 Ne8
28. Kc2 Nf6 29. Rd6 Nd5 30. R6xd5 exd5 31. Rxd5 Ke6 32. Nxc5+ Kf7 33. Nd3 Rxc4+
34. Kb3 Rc3+ 35. Kxb4 Rc2 36. Nxe5+ Kg7 37. Nc4 Rxg2 38. Kb5 Rg3 39. Rd7+ Kh6
40. Nb6 Re8 41. Rd1 Kg7 42. Rd7+ Kf6 43. Nd5+ Ke5 44. Rg7 Rxf3 45. Rxg5+ Kxe4
46. a6 Rb8+ 47. Kc6 Ra3 48. Rg4+ Kf5 49. Rxh4 Rxa6+ 50. Kc7 Rba8 51. Ne7+ Kf6
52. Nc6 Re8 1/2-1/2

[Event "Mercredi 2023.09.05 ABCD"]
[Site "Montreal CAN"]
[Date "2023.10.04"]
[Round "4"]
[White "Wang, Rachel"]
[Black "Jia, Zhe"]
[Result "0-1"]
[WhiteElo "1877"]
[BlackElo "1863"]
[PlyCount "94"]
[EventDate "2023.09.06"]
[EventType "tourn"]
[EventRounds "5"]
[EventCountry "CAN"]

1. d4 Nf6 2. c4 e6 3. Nf3 d5 4. Bg5 dxc4 5. e4 Be7 6. e5 Nd5 7. Bxe7 Qxe7 8.
Qa4+ Nd7 9. Qxc4 a6 10. Nc3 O-O 11. Nxd5 exd5 12. Qxc7 f6 13. Bd3 fxe5 14. dxe5
Qb4+ 15. Qc3 Qxc3+ 16. bxc3 Re8 17. Kf1 Nc5 18. Bc2 Bg4 19. Re1 Nd7 20. Bb3
Bxf3 21. gxf3 Rxe5 22. Rxe5 Nxe5 23. Bxd5+ Kf8 24. Bxb7 Ra7 25. Be4 Rc7 26. Ke2
Rxc3 27. Rb1 h6 28. Rb8+ Ke7 29. Rb7+ Kf8 30. Kd2 Ra3 31. Rb8+ Ke7 32. Rb7+ Kf6
33. Rb3 Rxa2+ 34. Ke3 Ra3 35. Rxa3 Nc4+ 36. Kd4 Nxa3 37. Kc5 Ke5 38. Bb7 Nc2
39. Bxa6 Ne1 40. Be2 g5 41. h3 Kf4 42. Kd5 Nxf3 43. Bxf3 Kxf3 44. Ke5 Kxf2 45.
Kf5 Kg3 46. Kg6 Kxh3 47. Kxh6 g4 0-1

[Event "Mercredi 2023.09.05 ABCD"]
[Site "Montreal CAN"]
[Date "2023.10.11"]
[Round "5"]
[White "Bain-Thouverez, Aurelien"]
[Black "Wang, Rachel"]
[Result "1-0"]
[WhiteElo "1892"]
[BlackElo "1877"]
[PlyCount "97"]
[EventDate "2023.09.06"]
[EventType "tourn"]
[EventRounds "5"]
[EventCountry "CAN"]

1. Nf3 c5 2. g3 Nc6 3. Bg2 g6 4. d4 cxd4 5. Nxd4 Bg7 6. c3 e6 7. Nb5 d5 8. e4
Nge7 9. exd5 exd5 10. Bf4 Ne5 11. O-O a6 12. Re1 f6 13. Nd4 O-O 14. Nd2 Nd3 15.
Rxe7 Qxe7 16. Bxd5+ Kh8 17. Be3 Qd8 18. c4 Ne5 19. Qc2 Ng4 20. Re1 Bh6 21. Qc3
Re8 22. Nf1 Nxe3 23. Nxe3 Bg7 24. Nec2 Qd7 25. Rd1 Qc7 26. Qf3 Rb8 27. b4 Bd7
28. b5 axb5 29. cxb5 Bxb5 30. Nxb5 Qxc2 31. Nd6 Re7 32. Nf7+ Kg8 33. Nd8+ Kf8
34. Nxb7 Rc8 35. Bb3 Qe4 36. Qxe4 Rxe4 37. Nd6 Rce8 38. Nxe4 Rxe4 39. Rd8+ Ke7
40. Rg8 Bf8 41. Rh8 h6 42. Rh7+ Kd6 43. Rf7 Be7 44. Rh7 Bf8 45. Ra7 Ke5 46. Kg2
Bc5 47. Ra5 Kd4 48. Ra4+ Ke5 49. f4+ 1-0

[Event "Mercredi 2023.09.05 ABCD"]
[Site "Montreal CAN"]
[Date "2023.10.11"]
[Round "5"]
[White "Batorshyn, Ilia	"]
[Black "Latorre, Vincent"]
[Result "0-1"]
[WhiteElo "2211"]
[BlackElo "2197"]
[PlyCount "96"]
[EventDate "2023.09.06"]
[EventType "tourn"]
[EventRounds "5"]
[EventCountry "CAN"]

1. b3 e5 2. Bb2 Nc6 3. e3 Nf6 4. Bb5 Bd6 5. Bxc6 dxc6 6. d3 Be6 7. Nd2 Nd7 8.
Ne2 Qe7 9. e4 O-O-O 10. a4 h5 11. Qc1 h4 12. Ba3 f5 13. exf5 Bxf5 14. Nc4 h3
15. g3 Be6 16. Nxd6+ cxd6 17. Qe3 c5 18. O-O-O Nf6 19. Nc3 Nd5 20. Nxd5 Bxd5
21. Rhf1 Bg2 22. Rg1 Qf6 23. Bb2 Bf3 24. Rd2 g5 25. Kb1 g4 26. Bc3 Kb8 27. Qe1
Rhe8 28. Qe3 Rc8 29. Bb2 d5 30. Ka2 d4 31. Qe1 Qa6 32. Ba3 e4 33. dxe4 Rxe4 34.
Qa1 Qa5 35. Qc1 c4 36. b4 Qxa4 37. Re1 c3 38. Rdd1 d3 39. cxd3 Rxe1 40. Rxe1
Bd5+ 41. Ka1 Qb3 42. Re2 c2 43. Qb2 c1=Q+ 44. Qxc1 Rxc1+ 45. Bxc1 Qd1 46. Re8+
Kc7 47. Kb1 Ba2+ 48. Kxa2 Qa4+ 0-1

[Event "Mercredi 2023.09.05 ABCD"]
[Site "Montreal CAN"]
[Date "2023.10.11"]
[Round "5"]
[White "Beaudry, Marc-Andre"]
[Black "Landry, Sylvain"]
[Result "1/2-1/2"]
[WhiteElo "1975"]
[BlackElo "1893"]
[PlyCount "50"]
[EventDate "2023.09.06"]
[EventType "tourn"]
[EventRounds "5"]
[EventCountry "CAN"]

1. c4 c5 2. Nf3 Nc6 3. g3 e5 4. Nc3 g6 5. Bg2 Bg7 6. O-O d6 7. d3 Nge7 8. Ne1
O-O 9. Nc2 Be6 10. Nd5 Qd7 11. Rb1 Rae8 12. b4 cxb4 13. Ncxb4 f5 14. Bg5 h6 15.
Bxe7 Nxe7 16. Nxe7+ Rxe7 17. Nd5 Ref7 18. e3 b6 19. Qb3 g5 20. f4 Qd8 21. Kh1
Kh8 22. Qd1 exf4 23. exf4 g4 24. Re1 Bxd5 25. Bxd5 Re7 1/2-1/2

[Event "Mercredi 2023.09.05 ABCD"]
[Site "Montreal CAN"]
[Date "2023.10.11"]
[Round "5"]
[White "Cardin, Guillaume"]
[Black "Have, Didier"]
[Result "1-0"]
[WhiteElo "2088"]
[BlackElo "2056"]
[PlyCount "99"]
[EventDate "2023.09.06"]
[EventType "tourn"]
[EventRounds "5"]
[EventCountry "CAN"]

1. d4 Nf6 2. c4 c5 3. d5 e5 4. Nc3 d6 5. e4 Nbd7 6. Nf3 Be7 7. Be2 O-O 8. O-O
Ne8 9. g4 Kh8 10. Kh1 g6 11. Rg1 Ndf6 12. Ne1 Ng7 13. Nd3 a6 14. a4 Rb8 15. a5
h5 16. g5 Nh7 17. h4 Qd7 18. Bf1 Qe8 19. f4 f6 20. fxe5 dxe5 21. gxf6 Bxf6 22.
Qe1 Qe7 23. Qg3 Bg4 24. Be2 Bxh4 25. Nxe5 Qf6 26. Nxg6+ Qxg6 27. Qxh4 Rbe8 28.
Bxg4 Rxe4 29. Nxe4 Qxe4+ 30. Kh2 hxg4 31. Bh6 Qe5+ 32. Kh1 Qe4+ 33. Rg2 Nf5 34.
Qxg4 Qxg4 35. Rxg4 Nxh6 36. Rg6 Nf5 37. Rb6 Rf7 38. Re1 Rd7 39. Rg6 Rf7 40.
Re8+ Nf8 41. Rb8 Ne3 42. b3 Kh7 43. Rb6 Nd7 44. R8xb7 Ng4 45. Rxa6 Nge5 46. Rd6
Rg7 47. a6 Kh8 48. a7 Rg8 49. Rdxd7 Nxd7 50. Rxd7 1-0

[Event "Mercredi 2023.09.05 ABCD"]
[Site "Montreal CAN"]
[Date "2023.10.11"]
[Round "5"]
[White "Chapdelaine, Gwyn"]
[Black "Di Matteo, Alessio"]
[Result "1/2-1/2"]
[WhiteElo "2088"]
[BlackElo "2017"]
[PlyCount "69"]
[EventDate "2023.09.06"]
[EventType "tourn"]
[EventRounds "5"]
[EventCountry "CAN"]

1. e4 c5 2. Nc3 e6 3. d4 cxd4 4. Qxd4 Nc6 5. Qd3 a6 6. Bf4 b5 7. e5 Nge7 8. Nf3
Ng6 9. Bg3 Qc7 10. a3 Bb7 11. Qe3 b4 12. axb4 Nxb4 13. Bd3 Bc5 14. Qe2 Nxd3+
15. Qxd3 Bb4 16. O-O Bxc3 17. bxc3 Rc8 18. Rfd1 h5 19. h4 Qc6 20. Rab1 Ne7 21.
c4 Ba8 22. Bf4 Ng6 23. Rb6 Qc7 24. Bg3 O-O 25. Rxa6 Bxf3 26. Qxf3 Qxc4 27. Ra7
Rc7 28. Rxd7 Rxa7 29. Rxa7 Qxc2 30. Qxh5 Rd8 31. Qf3 Qd1+ 32. Qxd1 Rxd1+ 33.
Kh2 Rd5 34. Ra8+ Kh7 35. Ra7 1/2-1/2

[Event "Mercredi 2023.09.05 ABCD"]
[Site "Montreal CAN"]
[Date "2023.10.11"]
[Round "5"]
[White "Chasles, Jean-Benoit"]
[Black "Cote, Etienne"]
[Result "0-1"]
[WhiteElo "1818"]
[BlackElo "1817"]
[PlyCount "86"]
[EventDate "2023.09.06"]
[EventType "tourn"]
[EventRounds "5"]
[EventCountry "CAN"]

1. e4 e6 2. d4 d5 3. Nc3 Nf6 4. e5 Nfd7 5. Nce2 c5 6. c3 Nc6 7. f4 b6 8. Qa4
Qc7 9. Nf3 Be7 10. Bd2 f5 11. Ng3 a6 12. Be2 O-O 13. h3 b5 14. Qc2 Qb6 15. Be3
b4 16. Rc1 h6 17. Nf1 Qa5 18. N1d2 Qxa2 19. dxc5 Qa5 20. Nb3 Qc7 21. c4 d4 22.
Nbxd4 Nxd4 23. Bxd4 Nxc5 24. b3 Bb7 25. O-O Ne4 26. Kh2 Bc5 27. Rfd1 a5 28.
Bxc5 Nxc5 29. Rd6 a4 30. bxa4 b3 31. Qb1 Rxa4 32. Nd2 Ra2 33. Bf3 Rfa8 34. Nxb3
Bxf3 35. Rc2 Rxc2 36. Qxc2 Be4 37. Qd1 Ra2 38. Nd2 Qa7 39. h4 Ra1 40. Qh5 Nb7
41. Qg6 Qg1+ 42. Kh3 Qh1+ 43. Kg3 Qxg2# 0-1

[Event "Mercredi 2023.09.05 ABCD"]
[Site "Montreal CAN"]
[Date "2023.10.11"]
[Round "5"]
[White "Deboosere, Adam"]
[Black "Genzling, Jerome"]
[Result "0-1"]
[WhiteElo "2070"]
[BlackElo "2016"]
[PlyCount "113"]
[EventDate "2023.09.06"]
[EventType "tourn"]
[EventRounds "5"]
[EventCountry "CAN"]

1. d4 d5 2. c4 e6 3. Nc3 a6 4. cxd5 exd5 5. Bf4 Nf6 6. e3 c6 7. Bd3 Nbd7 8. Bg5
Be7 9. Nge2 h6 10. Bh4 O-O 11. O-O Ne4 12. Bxe7 Qxe7 13. Qc2 Ndf6 14. Rae1 Bf5
15. f3 Nxc3 16. Nxc3 Bxd3 17. Qxd3 c5 18. Na4 c4 19. Qc2 b5 20. Nc5 Nd7 21.
Nxd7 Qxd7 22. Qf2 f5 23. h3 a5 24. g4 a4 25. a3 Qd6 26. Qh2 Qxh2+ 27. Kxh2 b4
28. axb4 Rab8 29. gxf5 Rxb4 30. Rf2 Rxf5 31. Ree2 Rb3 32. Kg2 Rg5+ 33. Kh2 Kf7
34. h4 Rg6 35. e4 Ke6 36. e5 Kf5 37. Rd2 Rgb6 38. Rde2 Rd3 39. Rd2 Rxd2 40.
Rxd2 Kf4 41. Rf2 Ke3 42. Kg2 Kxd4 43. Re2 Re6 44. f4 g5 45. hxg5 hxg5 46. Kf3
gxf4 47. Kxf4 Kd3 48. Re1 Kd2 49. Ra1 Kc2 50. Kf5 Re8 51. Rxa4 Kxb2 52. e6 c3
53. Rb4+ Ka3 54. Rb6 Rc8 55. e7 c2 56. Rc6 Rxc6 57. e8=N 0-1

[Event "Mercredi 2023.09.05 ABCD"]
[Site "Montreal CAN"]
[Date "2023.10.11"]
[Round "5"]
[White "Gadbois, Patrick"]
[Black "Rauch, Frank"]
[Result "0-1"]
[WhiteElo "1896"]
[BlackElo "1894"]
[PlyCount "130"]
[EventDate "2023.09.06"]
[EventType "tourn"]
[EventRounds "5"]
[EventCountry "CAN"]

1. d4 Nf6 2. Nf3 g6 3. e3 Bg7 4. Bd3 O-O 5. O-O d6 6. b3 e5 7. Nbd2 Re8 8. dxe5
dxe5 9. e4 Nc6 10. a3 Nh5 11. Bb2 Nf4 12. Nc4 Nxd3 13. cxd3 Qe7 14. h3 Bd7 15.
Qe2 Rad8 16. Rfd1 g5 17. Ne3 Be6 18. Nf5 Bxf5 19. exf5 h6 20. b4 a6 21. g4 Qd6
22. Qe4 Qd5 23. Qxd5 Rxd5 24. Rac1 Red8 25. Ne1 e4 26. Bxg7 Kxg7 27. Rc3 R8d7
28. f3 Nd4 29. Kf2 Nb5 30. Rb3 exd3 31. Rdxd3 Kf6 32. Rxd5 Rxd5 33. Nd3 b6 34.
Ke3 c5 35. bxc5 bxc5 36. Nb2 Rd4 37. a4 Nd6 38. Rb6 Ke5 39. Rxa6 Nc4+ 40. Nxc4+
Rxc4 41. a5 Rc3+ 42. Ke2 c4 43. Rxh6 Kf4 44. a6 Ra3 45. Rc6 Ra2+ 46. Kd1 Kxf3
47. Rxc4 Rxa6 48. Rc3+ Kg2 49. Kc2 Rh6 50. Rc7 f6 51. Rg7 Kxh3 52. Rg6 Rh8 53.
Rxf6 Kxg4 54. Kd2 Re8 55. Rf7 Kf3 56. f6 g4 57. Rg7 Rf8 58. f7 g3 59. Ke1 g2
60. Rg8 Rxf7 61. Rg6 Re7+ 62. Kd1 Re5 63. Rg8 Re4 64. Kd2 Rg4 65. Rf8+ Kg3 0-1

[Event "Mercredi 2023.09.05 ABCD"]
[Site "Montreal CAN"]
[Date "2023.10.11"]
[Round "5"]
[White "Jia, Zhe"]
[Black "Templonueva, Mark Geryl"]
[Result "0-1"]
[WhiteElo "1863"]
[BlackElo "1841"]
[PlyCount "78"]
[EventDate "2023.09.06"]
[EventType "tourn"]
[EventRounds "5"]
[EventCountry "CAN"]

1. d4 Nf6 2. c4 c5 3. e3 g6 4. g3 Bg7 5. Bg2 O-O 6. Ne2 d6 7. O-O Na6 8. Nbc3
Rb8 9. Nb5 Be6 10. b3 Nb4 11. Nxa7 Bf5 12. a3 Nd3 13. Nf4 Nxf4 14. gxf4 cxd4
15. exd4 d5 16. Be3 Qa5 17. Nb5 Rfd8 18. Qe1 Qb6 19. Qb4 Rd7 20. Rfc1 Qe6 21.
Qe1 Ne4 22. Qf1 Qf6 23. f3 Nd6 24. Nxd6 Rxd6 25. c5 Re6 26. Qf2 h5 27. Re1 Ra8
28. a4 Bd3 29. Bf1 Bf5 30. Ra2 h4 31. h3 Kh7 32. b4 Rg8 33. Kh2 Bh6 34. Bb5
Rxe3 35. Qxe3 Bb1 36. Rxb1 Bxf4+ 37. Qxf4 Qxf4+ 38. Kh1 Qxf3+ 39. Rg2 Qxh3+ 0-1

[Event "Mercredi 2023.09.05 ABCD"]
[Site "Montreal CAN"]
[Date "2023.10.11"]
[Round "5"]
[White "Lin, Leo"]
[Black "Pomerantz, Daniel"]
[Result "1-0"]
[WhiteElo "2100"]
[BlackElo "2150"]
[PlyCount "99"]
[EventDate "2023.09.06"]
[EventType "tourn"]
[EventRounds "5"]
[EventCountry "CAN"]

1. e4 c6 2. Nf3 d5 3. exd5 cxd5 4. Ne5 Nc6 5. d4 e6 6. Bb5 Bd7 7. Nxd7 Qxd7 8.
c3 Bd6 9. O-O Nf6 10. Nd2 O-O 11. Re1 Qc7 12. g3 a6 13. Bd3 e5 14. dxe5 Nxe5
15. Nf3 h6 16. Nxe5 Bxe5 17. Be3 Rad8 18. Rc1 Rfe8 19. Bb1 Qd7 20. Bd4 Qh3 21.
Qf3 Ng4 22. Qg2 Qh5 23. h3 Nf6 24. Be3 Bc7 25. Bd4 Be5 26. Rxe5 Rxe5 27. g4 Qg5
28. f4 Qxf4 29. Rf1 Qg5 30. h4 Qxh4 31. Bxe5 Nxg4 32. Bd4 Re8 33. Bf5 h5 34.
Bxg4 Qxg4 35. Qxg4 hxg4 36. b4 g6 37. Rf6 Re6 38. Rxe6 fxe6 39. Kf2 Kf7 40. Be5
Ke7 41. Kg3 Kd7 42. Kxg4 Kc6 43. Kg5 Kb5 44. Kxg6 a5 45. bxa5 Kxa5 46. Kf6 b5
47. Bd6 Ka4 48. Kxe6 b4 49. Bxb4 d4 50. cxd4 1-0

[Event "Mercredi 2023.09.05 ABCD"]
[Site "Montreal CAN"]
[Date "2023.10.11"]
[Round "5"]
[White "Singher, Jean-Pierre"]
[Black "Avarian, Sevag"]
[Result "1-0"]
[WhiteElo "1980"]
[BlackElo "1973"]
[PlyCount "75"]
[EventDate "2023.09.06"]
[EventType "tourn"]
[EventRounds "5"]
[EventCountry "CAN"]

1. d4 Nf6 2. Bf4 g6 3. Nc3 d5 4. Qd2 Bg7 5. Bh6 Bxh6 6. Qxh6 Ng4 7. Qg7 Rf8 8.
h3 Nf6 9. Nf3 Nc6 10. O-O-O Bf5 11. e3 h5 12. Bb5 Qd6 13. g4 Rg8 14. Qh6 hxg4
15. Ne5 gxh3 16. f3 Be6 17. e4 O-O-O 18. Nxc6 bxc6 19. Ba6+ Kb8 20. e5 Qb4 21.
exf6 exf6 22. Qf4 c5 23. Nb5 Qa5 24. Rd3 c4 25. Ra3 Qb6 26. Nc3 Ka8 27. Bb5 Bc8
28. b3 g5 29. Qd2 Qd6 30. Kb2 a6 31. bxc4 Kb8 32. c5 Qe6 33. c6 axb5 34. Nxb5
Qxc6 35. Qa5 Bb7 36. Qa7+ Kc8 37. Qa4 Qb6 38. Rb3 1-0

[Event "Mercredi 2023.09.05 ABCD"]
[Site "Montreal CAN"]
[Date "2023.10.10"]
[Round "5"]
[White "Voskanyan, Vahagn"]
[Black "Kapush, Alex"]
[Result "0-1"]
[WhiteElo "2127"]
[BlackElo "2194"]
[PlyCount "90"]
[EventDate "2023.09.06"]
[EventType "tourn"]
[EventRounds "5"]
[EventCountry "CAN"]

1. d4 Nf6 2. c4 g6 3. g3 Bg7 4. Bg2 O-O 5. Nc3 d6 6. Nf3 Nbd7 7. O-O e5 8. h3
Re8 9. Be3 Qe7 10. Rc1 c6 11. dxe5 Nxe5 12. Nxe5 dxe5 13. Qa4 Nh5 14. Ne4 f5
15. Bc5 Qc7 16. Nd6 Rd8 17. Nxc8 Raxc8 18. Ba3 e4 19. Rfd1 e3 20. Qxa7 Bh6 21.
f4 Nxg3 22. Qxe3 Bxf4 23. Qe6+ Qf7 24. Qxf7+ Kxf7 25. Rc2 Be3+ 26. Kh2 Bf4 27.
Kg1 Be3+ 28. Kh2 f4 29. Bf3 Kf6 30. b3 h5 31. Bb2+ Kf5 32. h4 Rxd1 33. Bg7 Nf1+
34. Kh3 Nd2 35. Bc3 Nxf3 36. exf3 Rh1+ 37. Kg2 Rg1+ 38. Kh2 Rg3 39. Rg2 Rxf3
40. Rg5+ Ke4 41. Rxg6 Rf2+ 42. Rg2 f3 43. Rxf2 Bxf2 44. Bf6 Ke3 45. b4 Ke2 0-1

[Event "Mercredi 2023.10.18 ABCD"]
[Site "Montreal CAN"]
[Date "2023.10.18"]
[Round "1"]
[White "Adam, Rafael"]
[Black "Pomerantz, Daniel"]
[Result "1-0"]
[WhiteElo "2185"]
[BlackElo "2123"]
[PlyCount "119"]
[EventDate "2023.10.18"]
[EventType "tourn"]
[EventRounds "5"]
[EventCountry "CAN"]

1. e4 c6 2. Nf3 d5 3. d3 dxe4 4. dxe4 Qxd1+ 5. Kxd1 Nf6 6. Nbd2 g6 7. a4 Bg4 8.
Be2 Bh6 9. a5 O-O 10. Ra4 Bxf3 11. Bxf3 Nbd7 12. Ke2 Rfd8 13. Nb3 Bxc1 14. Rxc1
Ne5 15. Rb4 Rab8 16. Ke3 Nxf3 17. Kxf3 b5 18. axb6 axb6 19. Ra1 c5 20. Rba4 b5
21. Ra7 c4 22. Na5 Rd2 23. Nc6 Re8 24. Nb4 Rd4 25. Re1 c3 26. bxc3 Rc4 27. Re3
Rec8 28. Rxe7 Rxc3 29. e5 Rxe3+ 30. fxe3 Nh5 31. Rb7 Rc5 32. g4 Rxe5 33. gxh5
Rxh5 34. Kg3 Rg5+ 35. Kf3 Rh5 36. h4 Kg7 37. Nd3 Rxh4 38. Rxb5 h5 39. Nf4 Rh2
40. c4 Kf6 41. Nd5+ Ke5 42. Nc3+ Kd6 43. Ne4+ Kc6 44. Rc5+ Kb6 45. Rb5+ Kc6 46.
Rc5+ Kb6 47. Rd5 Rc2 48. Rd6+ Kc7 49. Rf6 Rxc4 50. Rxf7+ Kc6 51. Rf6+ Kd5 52.
Ng5 Ke5 53. Rxg6 Kf5 54. Rg8 Rg4 55. e4+ Kf6 56. Nh7+ Ke5 57. Rxg4 hxg4+ 58.
Ke3 g3 59. Ng5 g2 60. Nf3+ 1-0

[Event "Mercredi 2023.10.18 ABCD"]
[Site "Montreal CAN"]
[Date "2023.10.18"]
[Round "1"]
[White "Avarian, Sevag"]
[Black "Morin-Pare, Victor"]
[Result "1-0"]
[WhiteElo "1967"]
[BlackElo "1893"]
[PlyCount "112"]
[EventDate "2023.10.18"]
[EventType "tourn"]
[EventRounds "5"]
[EventCountry "CAN"]

1. e4 c6 2. d4 d5 3. exd5 cxd5 4. Bd3 Nc6 5. c3 Nf6 6. Bf4 Bg4 7. Qb3 Qd7 8.
Nd2 e6 9. Ngf3 Be7 10. O-O O-O 11. Rae1 a6 12. Qc2 h6 13. h3 Bf5 14. g4 Bxd3
15. Qxd3 Nh7 16. Qe3 Bf6 17. Kh2 Ne7 18. Ne5 Bxe5 19. Bxe5 Ng6 20. Bg3 Rae8 21.
f4 f5 22. Qd3 Nf6 23. c4 Ne4 24. Nxe4 dxe4 25. Qc3 Rc8 26. b3 Rfd8 27. Rd1 Ne7
28. Bh4 Nd5 29. Qe1 Nf6 30. Bxf6 gxf6 31. Qh4 Kf7 32. Qh5+ Ke7 33. gxf5 exf5
34. Qxh6 Rg8 35. Qh7+ Kd6 36. Qxd7+ Kxd7 37. Rg1 Kd6 38. Rxg8 Rxg8 39. Rg1 Re8
40. Re1 b5 41. Kg3 bxc4 42. bxc4 Rg8+ 43. Kf2 Rh8 44. Re3 Rc8 45. Rc3 Rb8 46.
Rb3 Rc8 47. Rb6+ Ke7 48. c5 Rd8 49. Rd6 Rh8 50. d5 Rxh3 51. Re6+ Kd7 52. Rxa6
Rf3+ 53. Ke2 Rxf4 54. Ra7+ Kc8 55. d6 e3 56. c6 Kb8 1-0

[Event "Mercredi 2023.10.18 ABCD"]
[Site "Montreal CAN"]
[Date "2023.10.18"]
[Round "1"]
[White "Batorshyn, Ilia	"]
[Black "Genzling, Jerome"]
[Result "1-0"]
[WhiteElo "2153"]
[BlackElo "2133"]
[PlyCount "67"]
[EventDate "2023.10.18"]
[EventType "tourn"]
[EventRounds "5"]
[EventCountry "CAN"]

1. d4 d5 2. c4 e6 3. Nf3 a6 4. Bg5 Be7 5. Bxe7 Qxe7 6. Nbd2 Nf6 7. g3 dxc4 8.
Bg2 Nc6 9. O-O Rb8 10. Nxc4 O-O 11. Qc2 Nb4 12. Qb3 Bd7 13. Nfe5 Rfd8 14. a3
Nc6 15. Nxd7 Nxd7 16. e3 e5 17. Bxc6 bxc6 18. Qc2 Qf6 19. Nxe5 Nxe5 20. dxe5
Qxe5 21. Qxc6 Rb6 22. Rad1 Rdb8 23. Qc4 Qe7 24. b4 Rd8 25. Rxd8+ Qxd8 26. Rc1
c6 27. Rc3 g6 28. Qc5 Qd1+ 29. Kg2 Rb5 30. Qxc6 Rf5 31. e4 Rh5 32. Rc5 Rh6 33.
Qe8+ Kg7 34. Qe5+ 1-0

[Event "Mercredi 2023.10.18 ABCD"]
[Site "Montreal CAN"]
[Date "2023.10.18"]
[Round "1"]
[White "Cote, Etienne"]
[Black "Beaulieu, Pierre"]
[Result "0-1"]
[WhiteElo "1807"]
[BlackElo "1800"]
[PlyCount "66"]
[EventDate "2023.10.18"]
[EventType "tourn"]
[EventRounds "5"]
[EventCountry "CAN"]

1. e4 b6 2. d4 Bb7 3. Nc3 e6 4. Bd3 c5 5. Nf3 cxd4 6. Nxd4 Nc6 7. Nxc6 Bxc6 8.
O-O h5 9. a3 Bd6 10. f4 Nf6 11. b4 Ng4 12. Qe1 a5 13. e5 axb4 14. exd6 bxc3 15.
h3 Nf6 16. f5 Qb8 17. Bf4 Qb7 18. fxe6 dxe6 19. Qe2 Ra5 20. Be5 Bxg2 21. Bxc3
Bxf1 22. Rxf1 Rg5+ 23. Kh2 Qd5 24. Bb4 Ng4+ 25. hxg4 hxg4+ 26. Kg1 Rh1+ 27. Kf2
Rh2+ 28. Ke1 Rxe2+ 29. Kxe2 Re5+ 30. Kd2 f5 31. Kc3 Re3 32. Kb2 Qd4+ 33. Kb1
Rxd3 0-1

[Event "Mercredi 2023.10.18 ABCD"]
[Site "Montreal CAN"]
[Date "2023.10.18"]
[Round "1"]
[White "Destree, Frederic"]
[Black "Baran, Marius"]
[Result "0-1"]
[WhiteElo "1834"]
[BlackElo "1729"]
[PlyCount "104"]
[EventDate "2023.10.18"]
[EventType "tourn"]
[EventRounds "5"]
[EventCountry "CAN"]

1. Nf3 d5 2. g3 Nf6 3. Bg2 g6 4. O-O Bg7 5. d3 O-O 6. Nbd2 Nc6 7. e4 dxe4 8.
dxe4 e5 9. Qe2 Qe7 10. c3 h6 11. Rd1 Bg4 12. h3 Be6 13. Nc4 Nd7 14. Ne3 Rac8
15. Nd5 Qe8 16. Be3 f5 17. exf5 gxf5 18. Qd2 Kh7 19. Nh4 Ne7 20. Nxc7 Rxc7 21.
Qd6 Rc6 22. Bxc6 Nxc6 23. Qc7 Qc8 24. Qd6 Rf6 25. Qd3 e4 26. Qe2 Nde5 27. Bd4
Bc4 28. Qe3 Nxd4 29. cxd4 Nd3 30. b3 Bd5 31. Ng2 h5 32. Nf4 Bh6 33. Rxd3 Bxf4
34. Rc3 Bxe3 35. Rxc8 Bh6 36. Rd8 Bg8 37. d5 Rf8 38. Rd7+ Rf7 39. Rxf7+ Bxf7
40. d6 Be6 41. Rd1 Bd7 42. Rd4 Bg5 43. Kf1 Kg6 44. Ke2 Kf7 45. f3 exf3+ 46.
Kxf3 Bc6+ 47. Kf2 Ke6 48. a4 Bd5 49. h4 Bf6 50. Rb4 Kxd6 51. Ke3 Be5 52. a5
Bxg3 0-1

[Event "Mercredi 2023.10.18 ABCD"]
[Site "Montreal CAN"]
[Date "2023.10.18"]
[Round "1"]
[White "Di Matteo, Alessio"]
[Black "Lima-Barbosa, Raphael"]
[Result "0-1"]
[WhiteElo "2066"]
[BlackElo "2001"]
[PlyCount "116"]
[EventDate "2023.10.18"]
[EventType "tourn"]
[EventRounds "5"]
[EventCountry "CAN"]

1. d4 Nf6 2. c4 g6 3. Nc3 Bg7 4. e4 d6 5. Nf3 O-O 6. Be2 e5 7. O-O Bg4 8. d5 a5
9. Be3 Na6 10. h3 Bd7 11. Rc1 Nh5 12. Qd2 Qe7 13. Ne1 Nf4 14. Bxf4 exf4 15.
Qxf4 f5 16. Bd3 Be5 17. Qd2 fxe4 18. Nxe4 Bf4 19. Qc3 Bxc1 20. Qxc1 Nb4 21. Bb1
Bf5 22. Nc3 Rae8 23. Bxf5 Rxf5 24. Nf3 Rxf3 25. gxf3 Qh4 26. Ne4 Re5 27. Qe3
Qxh3 28. a3 Na6 29. Qf4 Nc5 30. Nf6+ Kg7 31. Ng4 Rf5 32. Qd4+ Kf7 33. Re1 Nd7
34. Qe3 Ne5 35. Nxe5+ dxe5 36. f4 Qg4+ 37. Kf1 Qxf4 38. Qc5 e4 39. Qd4 Rh5 40.
Qxe4 Qxe4 41. Rxe4 Rh1+ 42. Kg2 Rb1 43. Re2 a4 44. Rc2 Rd1 45. Kf3 Re1 46. c5
Ke7 47. Re2+ Rxe2 48. Kxe2 Kf6 49. f4 Ke7 50. Kf3 b6 51. d6+ cxd6 52. cxb6 Kd7
53. Kg4 d5 54. Kg5 d4 55. Kg4 Kc6 56. b7 Kxb7 57. Kf3 Kc6 58. Ke4 Kc5 0-1

[Event "Mercredi 2023.10.18 ABCD"]
[Site "Montreal CAN"]
[Date "2023.10.18"]
[Round "1"]
[White "Gelet, Seymour"]
[Black "Bain-Thouverez, Aurelien"]
[Result "1/2-1/2"]
[WhiteElo "2094"]
[BlackElo "1987"]
[PlyCount "65"]
[EventDate "2023.10.18"]
[EventType "tourn"]
[EventRounds "5"]
[EventCountry "CAN"]

1. d4 d5 2. c4 e6 3. Nc3 Nf6 4. Nf3 Be7 5. g4 c5 6. cxd5 Nxd5 7. h3 b6 8. e4
Nxc3 9. bxc3 O-O 10. Bd3 Nc6 11. Be3 cxd4 12. cxd4 Nb4 13. Be2 Bb7 14. a3 Nc6
15. h4 Na5 16. Bd3 Rc8 17. Bg5 Rc3 18. Qe2 Nb3 19. Rd1 Bxg5 20. hxg5 Nc1 21.
Qe3 Ba6 22. Rxc1 Rxd3 23. Qf4 Qb8 24. Qxb8 Rxb8 25. Ne5 Rxd4 26. f3 Bb5 27. Rc7
Rbd8 28. Kf2 Rd2+ 29. Kg3 f6 30. gxf6 gxf6 31. Rhxh7 fxe5 32. Rhg7+ Kf8 33.
Rgf7+ 1/2-1/2

[Event "Mercredi 2023.10.18 ABCD"]
[Site "Montreal CAN"]
[Date "2023.10.18"]
[Round "1"]
[White "Guillemette, Hugo"]
[Black "Deboosere, Adam"]
[Result "1-0"]
[WhiteElo "2023"]
[BlackElo "2012"]
[PlyCount "97"]
[EventDate "2023.10.18"]
[EventType "tourn"]
[EventRounds "5"]
[EventCountry "CAN"]

1. e4 c6 2. d4 d5 3. e5 Bf5 4. h4 h5 5. Bd3 Bxd3 6. Qxd3 Qa5+ 7. Nd2 Qa6 8. c4
e6 9. Ngf3 Ne7 10. O-O Nf5 11. b3 c5 12. Bb2 Nc6 13. dxc5 Bxc5 14. a3 Rd8 15.
b4 dxc4 16. Qxc4 Qxc4 17. Nxc4 Be7 18. Ncd2 a6 19. Ne4 O-O 20. Rfd1 Rxd1+ 21.
Rxd1 Rd8 22. Rxd8+ Bxd8 23. Nc5 Bxh4 24. Nxh4 Nxh4 25. Nxb7 Nf5 26. Nc5 Nb8 27.
a4 Ne7 28. b5 axb5 29. axb5 Kf8 30. Ba3 Ke8 31. Ne4 Nc8 32. Bc5 Nd7 33. Bd4 Ke7
34. f4 f6 35. Kf2 Kf7 36. Ke3 Ncb6 37. Bxb6 Nxb6 38. Kd4 Nd7 39. g3 Kg6 40. Nc5
Nb6 41. Nxe6 Kf7 42. Nc7 g5 43. fxg5 fxg5 44. Nd5 Nxd5 45. Kxd5 h4 46. gxh4
gxh4 47. Ke4 h3 48. Kf3 Ke6 49. b6 1-0